[Event "EICC 2017"]
[Site "Minsk"]
[Date "2017.06.05"]
[Round "6"]
[White "Lupulescu, Constantin"]
[Black "Sviridov, Valery"]
[Result "1-0"]
[WhiteElo "2631"]
[BlackElo "2504"]
[Annotator "TA"]
[PlyCount "85"]
[EventDate "2017.??.??"]
[EventCountry "BLR"]
[SourceTitle "playchess.com"]
[Source "ChessBase"]
[SourceQuality "1"]

{[%evp 17,85,42,59,55,87,77,104,93,153,172,163,104,95,100,93,91,88,80,89,86,86,81,81,88,83,88,110,112,107,108,96,74,130,132,135,135,142,142,135,133,130,131,142,143,143,140,143,143,150,132,142,126,277,251,393,362,524,460,918,918,907,760,1338,1326,1332,1291,1258,1258,1152,1084]} 1. e4 Nf6 2. e5 Nd5 3. d4 d6 4. Nf3 {[%cal Bg1f3,Bf3g5,Bg5e4][%mdl 32]} g6 5. Bc4 Nb6 6. Bb3 Bg7 7. Ng5 e6 8. Qf3 Qe7 9. Ne4 dxe5 {LiveBook: 64 Games. B04: Alekhine's Defence: 4 Nf3} 10. dxe5 (10. Bg5 Qb4+ 11. c3 Qa5 12. Bf6 Bxf6 13. Qxf6 O-O 14. Qxe5 Qxe5 15. dxe5 Bd7 16. Nbd2 a5 17. O-O-O Bc6 18. Rhe1 N8d7 19. f4 a4 20. Bc2 a3 21. b3 Nd5 22. g3 b5 23. Nf3 N7b6 {0-1 (35) Kovalev,V (2560)-Bortnyk,O (2568) Lvov 2016}) 10... N8d7 11. Bg5 Qb4+ {White is better.} 12. Nbc3 $1 ({Of course not} 12. c3 Qa5 $11) 12... Bxe5 (12... h6 $142 13. Bf6 O-O) 13. O-O-O $146 ({Predecessor:} 13. a3 Qa5 14. O-O Bxc3 15. Qxc3 Qxc3 16. Nxc3 h6 17. Be3 {1-0 (17) Helfrich,C (1268)-Richard,A (1150) IECC email 2007}) 13... f5 14. Bxe6 (14. Rhe1 $1 $18 O-O 15. Bxe6+ Kh8 16. Nd2) 14... h6 15. a3 Qf8 16. Be3 {Threatens to win with Rhe1.} fxe4 17. Qxe4 {Bxd7+ is the strong threat.} Qf6 {And now ...Nc5 would win.} 18. Bxd7+ Bxd7 19. f4 O-O-O 20. fxe5 Qe6 21. Bxb6 Bc6 22. Qe2 axb6 23. Rxd8+ Rxd8 24. Re1 Rf8 ({Better is} 24... Qe7) 25. b3 g5 26. Kb2 Kb8 27. g3 {[%cal Bg2g3,Bg3g4][%mdl 32]} Kc8 28. Nb5 Rd8 29. Na7+ Kb8 30. Nxc6+ bxc6 {[%mdl 4096] Endgame KQR-KQR} 31. Qf3 Re8 32. g4 Kb7 33. Qf5 Qd5 34. Qe4 Qxe4 $2 (34... Qe6 $16 {keeps fighting.} 35. Qf3 Qd5) 35. Rxe4 {KR-KR} Kc8 (35... Re6 $142 36. Re3 Re8) 36. e6 $18 Kd8 {[#]} (36... Re7 {was worth a try.} 37. Kc3 Re8) 37. e7+ $1 {White is clearly winning.} Rxe7 (37... Kc8 $142 38. Re6 c5) 38. Rxe7 Kxe7 {KP-KP} 39. Kc3 Kd6 40. Kd4 c5+ 41. Ke4 Ke6 42. a4 c6 {[#]} 43. c3 $1 {Precision: White = 100%, Black = 51%.} 1-0

[Event "EICC 2017"]
[Site "Minsk"]
[Date "2017.06.05"]
[Round "6"]
[White "Demchenko, Anton"]
[Black "Tomashevsky, Evgeny"]
[Result "1/2-1/2"]
[WhiteElo "2629"]
[BlackElo "2696"]
[Annotator "TA"]
[PlyCount "25"]
[EventDate "2017.??.??"]
[EventCountry "BLR"]
[SourceTitle "playchess.com"]
[Source "ChessBase"]
[SourceQuality "1"]

{[%evp 9,25,8,8,2,6,14,6,2,8,0,0,0,8,0,0,0,10,-26]} 1. e4 c6 2. d4 d5 3. Nc3 dxe4 4. Nxe4 Bf5 5. Qf3 e6 {The position is equal.} 6. Ne2 {B18: Classical Caro-Kann: 4...Bf5 sidelines} Bxe4 7. Qxe4 Nf6 8. Qf3 Qb6 $146 ({Predecessor:} 8... Qd5 9. Qb3 Qxb3 10. axb3 Na6 11. c3 Nc7 12. Nf4 Bd6 13. Nd3 O-O {1-0 (69) L'Ami,E (2634)-Kreisl,R (2380) Legnica 2013}) 9. g3 c5 10. Bg2 Nc6 11. dxc5 Bxc5 12. O-O O-O 13. Bg5 1/2-1/2

[Event "EICC 2017"]
[Site "Minsk"]
[Date "2017.06.05"]
[Round "6"]
[White "Salgado Lopez, Ivan"]
[Black "Moskalenko, Alexander"]
[Result "1-0"]
[WhiteElo "2627"]
[BlackElo "2514"]
[Annotator "TA"]
[PlyCount "67"]
[EventDate "2017.??.??"]
[EventCountry "BLR"]
[SourceTitle "playchess.com"]
[Source "ChessBase"]
[SourceQuality "1"]

{[%evp 21,67,-65,-56,-65,-32,-109,-106,-125,-125,-91,-70,-73,-75,-76,-43,-265,-264,-249,-255,-255,-270,-327,-148,-175,96,122,110,118,135,-52,140,160,154,104,160,33,1124,778,1117,685,685,685,620,581,688,674,5377,5377]} 1. e4 c6 2. d4 d5 3. e5 Bf5 4. Nc3 e6 5. g4 Bg6 6. Nge2 Ne7 7. h4 h5 {B12: Caro-Kann: Advance Variation} 8. Nf4 hxg4 9. Nxg6 Nxg6 10. h5 c5 11. Qxg4 cxd4 {LiveBook: 6 Games} 12. Qxd4 a6 $146 (12... Nc6 $5 {[%cal Rc6d4]} 13. Bb5 Nge7 $17) ({Predecessor:} 12... Nc6 13. Bb5 Nge7 14. Bg5 a6 15. Bxc6+ Nxc6 {0-1 (24) Casella,M (2345)-Bareev,E (2675) New York 1998}) 13. Qg4 (13. f4 $1 $15) 13... Nxe5 $17 14. Qg3 Qf6 15. Be2 {Black should prevent Bg5.} Be7 16. Be3 Nbc6 17. O-O-O b5 18. Rxd5 $2 (18. Kb1 $15) 18... exd5 $19 19. Nxd5 Qd6 20. Rd1 O-O $1 21. Rg1 {[%csl Gg1][%cal Rg3g7] [#]} g6 (21... Bf6 $1 $19 {has better winning chances.} 22. Bf3 Kh8) 22. Nf4 $17 {[%cal Rh5g6,Bd5f4,Bf4d3,Bd3c5][%mdl 32]} Nd4 $2 {[#]} ({Better is} 22... g5 $19 {Hoping for ...Nd4.} 23. Rd1 Qh6) 23. Bxd4 $1 $16 Qxd4 24. hxg6 $40 {[%mdl 128] White goes for the king.} Bf6 ({But not} 24... fxg6 $2 25. Nxg6 Kf7 26. Nxe5+ Ke6 27. Bg4+ Kd5 28. Bf3+ Ke6 29. Ng6 $18) 25. Rd1 $2 (25. gxf7+ $16 Kxf7 26. Rd1 Nd3+ 27. Nxd3) 25... Nd3+ $2 (25... Qe4 $1 $15 {stays ahead.} 26. gxf7+ Kh8 27. Qh3+ Qh7) 26. Nxd3 {Strongly threatening gxf7+.} Bg7 27. Bg4 {aiming for gxf7+.} f5 (27... Qf6 $142) 28. Qh2 (28. Qh3 $16 {[%csl Gg6][%cal Rh3h7]} Rf6 29. Qh7+ (29. Bxf5 Re8 $18) 29... Kf8 30. Nc5 Qf4+ 31. Kb1) 28... Rf6 $2 {[%mdl 8192]} (28... Rfe8 $14 29. Bh5 (29. Bxf5 Rad8 $14) 29... Qc4) 29. Bf3 {White is clearly winning.} Rd8 30. Nc5 Qxd1+ 31. Bxd1 Rxg6 32. Nd3 Rc6 {Black hopes to continue with ...Rxd3.} 33. Kb1 Bh6 34. Qg2+ {Precision: White = 31%, Black = 20%.} 1-0

[Event "EICC 2017"]
[Site "Minsk"]
[Date "2017.06.05"]
[Round "6"]
[White "Andriasian, Zaven"]
[Black "Khegay, Dmitriy"]
[Result "1/2-1/2"]
[WhiteElo "2622"]
[BlackElo "2482"]
[Annotator "TA"]
[PlyCount "167"]
[EventDate "2017.??.??"]
[EventCountry "BLR"]
[SourceTitle "playchess.com"]
[Source "ChessBase"]
[SourceQuality "1"]

{[%evp 15,167,0,0,0,0,-7,0,0,2,4,20,10,7,0,0,0,0,0,0,0,0,0,0,0,0,0,0,-10,0,-17,0,-7,0,0,0,0,0,0,0,0,0,0,0,0,0,-20,-12,-34,0,0,0,0,0,0,0,-5,0,0,0,-21,0,-14,0,-23,-16,-27,0,-17,-21,-19,0,-56,-64,-88,-43,-52,-53,-53,0,-6,7,7,7,0,26,0,30,0,40,30,30,30,14,0,38,0,14,0,17,0,15,14,14,0,14,14,16,14,14,14,37,14,14,14,14,14,14,14,14,17,17,17,17,0,14,0,17,17,66,16,19,0,0,0,0,0,14,0,0,0,0,-20,0,-15,0,0,0,0,14,0,33,8,18,0]} 1. e4 e6 2. d4 d5 3. Nc3 Bb4 4. e5 Ne7 5. a3 Bxc3+ 6. bxc3 c5 7. h4 {[%cal Bh2h4,Bh4h5][%mdl 32]} Qa5 8. Bd2 Qa4 9. h5 {C18: French: 3 Nc3 Bb4: Main line: 7 h4 and 7 Qg4} h6 10. Nf3 Nbc6 {[%cal Rc5d4]} 11. Rh4 (11. Rb1 c4 12. g3 b6 13. Bh3 Bd7 14. O-O O-O-O 15. Nh4 Rdg8 {½-½ (33) Karjakin,S (2779)-Radjabov,T (2726) Shamkir 2016}) 11... c4 12. Rg4 Rg8 13. Rf4 Bd7 14. g3 O-O-O 15. Bh3 $146 ({Predecessor:} 15. Rxf7 Be8 {0-1 (49) Fontaine,R (2365)-Psakhis,L (2565) Andorra 1998}) 15... Rdf8 16. Kf1 Kb8 17. Kg1 Ka8 18. Nh4 {[%cal Bf3h4,Bh4g2,Bg2e3][%mdl 32]} Bc8 19. Ra2 Bd7 20. Qf3 Nd8 21. Bc1 Bc8 22. Kh2 Bd7 23. Ng2 Bc8 24. Ne3 Re8 25. Ra1 Kb8 26. Bd2 Rh8 27. Ra2 Qb5 28. Qd1 Qa4 29. Qb1 Nec6 30. Nd1 Ref8 31. Ne3 Rhg8 32. Ng4 Rh8 33. Ra1 Bd7 34. Qb2 Bc8 35. Rg1 Bd7 36. Ne3 Bc8 37. Rh4 Qa5 38. Qc1 Re8 39. f4 Ne7 40. Bg2 Nf5 41. Rh3 Nxe3 42. Bxe3 Qxc3 43. g4 (43. Bd2 $1 $11 Qxd4 44. Be3) 43... Qa5 $1 $15 44. Rf3 g6 45. Bh3 Nc6 46. f5 exf5 (46... g5 $5 {[%cal Rf7f6]}) 47. gxf5 g5 48. Bf2 Ka8 49. Bg4 Qc7 {[#] aiming for ...f6.} 50. Kh3 Rhg8 51. Qd2 Bd7 52. Re1 {[%mdl 1024] White has compensation.} Bc8 53. Bg3 Qb6 54. Rd1 Ne7 55. Qf2 Nc6 56. Kh2 Qa5 57. Re3 Qb6 58. Qd2 Rgf8 59. Kg2 Ne7 60. Rf3 Nc6 61. Be1 Qb5 62. Qf2 Qb6 63. Bc3 Qa6 64. Ra1 Qa4 65. Kh3 Bd7 66. Qd2 Bc8 67. Rff1 Rd8 68. Bb4 Rfe8 69. Bc3 Ne7 70. Bb4 Nc6 71. Rae1 Qa6 72. Rf3 Qb6 73. Bc3 Qa6 74. Bb2 Qb6 75. Bc3 Qa6 76. Bb2 {[%cal Bc3b2,Bb2c1,Bc1e3,Be3g1,Bg1h2][%mdl 32]} Qb6 77. Qc3 Qa6 78. Rd1 Qa4 79. Bc1 Qa6 80. Be3 Qb5 81. Bg1 Qb6 82. Bh2 Bd7 83. Rff1 Bc8 84. Rf3 {Precision: White = 47%, Black = 47%.} 1/2-1/2

[Event "EICC 2017"]
[Site "Minsk"]
[Date "2017.06.05"]
[Round "6"]
[White "Maze, Sebastien"]
[Black "Ali Marandi, Cemil Can"]
[Result "1/2-1/2"]
[WhiteElo "2619"]
[BlackElo "2479"]
[Annotator "TA"]
[PlyCount "85"]
[EventDate "2017.??.??"]
[EventCountry "BLR"]
[SourceTitle "playchess.com"]
[Source "ChessBase"]
[SourceQuality "1"]

{[%evp 25,85,22,25,21,70,58,61,59,78,46,46,38,49,50,45,43,38,49,44,47,36,38,107,71,123,81,83,86,81,79,117,120,122,94,105,81,84,65,69,67,72,57,66,58,63,63,58,58,58,58,60,0,31,27,33,20,23,23,29,0,0,0]} 1. d4 d5 2. c4 c6 3. cxd5 cxd5 4. Nc3 Nc6 5. Nf3 Nf6 6. Bf4 Bf5 7. e3 e6 8. Qb3 Bb4 9. Ne5 {D14: Slav Defence: Exchange variation with ...Bf5} Qb6 10. Nxc6 bxc6 11. Be2 Ne4 12. f3 Nxc3 13. bxc3 Be7 {LiveBook: 17 Games} 14. c4 {[#]} c5 $146 ({Predecessor:} 14... Qxb3 15. axb3 Bb4+ 16. Kf2 a5 {1-0 (41) Gajewski,G (2634)-Fressinet,L (2668) Chartres 2017}) 15. cxd5 Qxb3 16. axb3 exd5 17. Ra5 cxd4 {[#] Strongly threatening ...Bb4+.} 18. Rxd5 Be6 19. Bb5+ Kf8 20. Rxd4 Bxb3 21. Ba6 g5 22. Bc7 Bc5 23. Re4 Be6 (23... Bb6 $14 24. Bb7 Re8 25. Bxb6 axb6) 24. Ke2 Kg7 (24... Ke7 $142) 25. Rc1 Be7 26. Bb7 Rae8 27. Ra4 Bd7 28. Rxa7 Bf6 29. Ra5 h6 30. Bg3 Re6 31. Bd5 Rb6 32. Rc2 Rb1 33. Ra7 Rd8 {[#] ...Bb5+ is the strong threat.} 34. Bc4 Be8 35. h3 h5 36. Kf2 h4 37. Bc7 Rd7 38. Bf1 (38. Be2 $14) 38... Rdd1 (38... Bc3 $5) 39. Be2 Rdc1 40. Raa2 Rxc2 41. Rxc2 Ba4 42. Rc5 Rb2 {And now ...Bd1 would win.} 43. Kf1 {Precision: White = 68%, Black = 77%.} 1/2-1/2

[Event "EICC 2017"]
[Site "Minsk"]
[Date "2017.06.05"]
[Round "6"]
[White "Saric, Ivan"]
[Black "Rodshtein, Maxim"]
[Result "1/2-1/2"]
[WhiteElo "2618"]
[BlackElo "2698"]
[Annotator "TA"]
[PlyCount "71"]
[EventDate "2017.??.??"]
[EventCountry "BLR"]
[SourceTitle "playchess.com"]
[Source "ChessBase"]
[SourceQuality "1"]

{[%evp 27,71,0,11,0,0,0,12,14,0,0,0,-26,0,0,0,-20,0,0,0,0,0,0,0,0,0,0,0,0,0,-5,0,0,0,0,0,0,0,0,0,0,0,0,0,0,0,0]} 1. e4 e5 2. Nf3 Nc6 3. Nc3 Nf6 4. d4 exd4 5. Nxd4 Bb4 6. Nxc6 bxc6 7. Bd3 d5 8. exd5 O-O 9. O-O cxd5 10. h3 {C47: Scotch Four Knights and Four Knights with 4 g3} c6 11. Qf3 Re8 12. Bf4 Bd6 13. Rfe1 Be6 14. Ne2 Qc7 {LiveBook: 3 Games} 15. Rad1 Rab8 16. b3 {[#]} Bd7 $146 ({Predecessor:} 16... Bxf4 17. Nxf4 Qa5 {½-½ (31) Lin,C (2475)-Sethuraman,S (2619) China 2017}) 17. Bxd6 Qxd6 18. c3 a5 19. Nd4 g6 20. Rxe8+ {The position is equal.} Rxe8 21. b4 Ra8 22. b5 cxb5 23. Bxb5 Bxb5 24. Nxb5 Qc6 25. c4 Qxc4 26. Nd6 Qh4 27. g3 Qg5 28. Re1 Rf8 29. Qc3 {[#] Hoping for h4.} Nh5 30. Ne8 Qd8 31. Qe5 {g4 is the strong threat.} Qd7 32. Qxh5 Rxe8 33. Rxe8+ Qxe8 34. Qxd5 Qe1+ 35. Kg2 Qc3 36. h4 {Precision: White = 72%, Black = 58%.} 1/2-1/2

[Event "EICC 2017"]
[Site "Minsk"]
[Date "2017.06.05"]
[Round "6"]
[White "Banusz, Tamas"]
[Black "Hamitevici, Vladimir"]
[Result "1/2-1/2"]
[WhiteElo "2616"]
[BlackElo "2487"]
[Annotator "TA"]
[PlyCount "118"]
[EventDate "2017.??.??"]
[EventCountry "BLR"]
[SourceTitle "playchess.com"]
[Source "ChessBase"]
[SourceQuality "1"]

{[%evp 12,118,8,9,45,51,38,36,94,27,37,43,43,27,36,35,37,4,46,41,33,-14,-12,-15,-15,-9,-14,-10,-10,-16,-16,-23,0,-4,59,-29,31,-87,-88,-83,-75,-80,-71,-86,-87,-110,-87,-87,-27,-28,-25,-15,-14,-25,-11,-11,0,-7,0,-8,0,-13,-14,-26,0,-18,-5,-16,-4,-14,-6,-1,0,-16,-17,-34,-35,-28,-27,-29,-29,-31,-31,-38,-35,-33,0,0,0,0,0,0,0,0,0,0,0,0,0,0,0,0,0,0,0,0,0,0,0]} 1. d4 Nf6 2. Bf4 e6 3. Nf3 b6 4. e3 Bb7 5. Nbd2 Be7 6. h3 c5 7. c3 {LiveBook: 188 Games} Ne4 {A47: 1 d4 Nf6 2 Nf3 b6: Torre, London and Colle Systems} (7... O-O 8. Bd3 cxd4 9. exd4 Re8 10. O-O d6 11. Nc4 Qc7 12. Re1 Nbd7 13. Bh2 Rac8 14. a4 Nf8 15. Na3 a6 16. Qe2 Ra8 17. c4 {0-1 (61) Delgado Ramirez,N (2618)-Cordova,E (2638) Baku 2016}) 8. Nxe4 Bxe4 9. Nd2 Bg6 (9... Bc6 $14) 10. Nc4 $146 (10. d5 $16) ({Predecessor:} 10. Qf3 d5 11. Bb5+ Kf8 12. O-O a6 13. Be2 Nd7 14. c4 Nf6 15. Rac1 {1-0 (27) Bronstein,D-Zuidema,C Belgrade 1964}) 10... cxd4 $11 11. exd4 O-O 12. Be2 d5 13. Ne5 Be4 14. Nf3 f6 15. O-O Bd6 16. Be3 Nc6 17. Rc1 Ne7 18. Nd2 Bg6 19. c4 Rc8 20. Qb3 Bb8 21. Rfe1 Qd6 {[#] ( -> ...Qh2+)} 22. Nf1 Be4 (22... Qd7 $11) 23. Rc3 ({Better is} 23. c5 $14 Qc7 24. Ba6) 23... Kf7 (23... dxc4 $11 24. Bxc4 Bd5) 24. f3 (24. c5 $14 bxc5 25. dxc5) 24... dxc4 $17 25. Bxc4 Bd5 26. Bxd5 Nxd5 27. Rxc8 Rxc8 28. Bf2 Qb4 {White must now prevent ...Qxb3.} 29. Qd3 f5 (29... Qxb2 $17 {...f5 is the strong threat.} 30. Qe4 Rc6 31. Qxh7 Rc2 32. Qh5+ g6 33. Qh7+ Kf8 34. Qh6+ (34. Qxg6 Rxf2 35. Qh6+ Ke8 $19) 34... Kf7 35. Qh7+ Kf8 36. Rxe6 Rxf2 37. Qh8+ (37. Qxg6 $2 Rxg2+ 38. Qxg2 Qxg2+ 39. Kxg2 Nf4+ 40. Kf2 Nxe6 $19) 37... Kf7 38. Qe8+ Kg7 39. Re7+ Nxe7 40. Qxe7+ Kg8 41. Qe8+ Kh7 42. Qe7+ Kh8 43. Qf8+ Kh7 44. Qe7+ Kh8 45. Qf8+ Kh7 46. Qe7+) 30. Ne3 $11 {[#] Hoping for Nxd5.} Nxe3 31. Qxe3 Qc4 32. b3 Qd5 33. Rc1 Rc6 34. Rc3 Qd6 (34... Bf4 $5 35. Qd3 h6 $11) 35. Kf1 Qc7 36. Be1 Rxc3 37. Bxc3 Qc6 38. Qd3 b5 39. Ke2 Bc7 40. Bd2 Qd7 41. Bb4 Bd8 42. Bc5 a6 43. Qd2 Qc7 44. Kd1 h6 45. Kc2 Bg5 46. Qe1 Qh2 47. Qf1 Qf4 48. Qe1 h5 49. a4 {The position is equal.} bxa4 50. bxa4 Qc7 51. Qe2 Qc6 (51... Bf6 $5 {[%cal Rf6d4]} 52. Kb3 Qb8+ 53. Kc3 Qc7 $11) 52. Qc4 Ke8 53. Kd3 Kd7 54. Qb3 Bd8 55. Qb8 g5 56. Qe5 h4 57. Bb4 Qd5 58. Qxd5+ exd5 59. Bd2 f4 {Precision: White = 54%, Black = 49%.} 1/2-1/2

[Event "EICC 2017"]
[Site "Minsk"]
[Date "2017.06.05"]
[Round "6"]
[White "Erdos, Viktor"]
[Black "Matinian, Nikita"]
[Result "1-0"]
[WhiteElo "2614"]
[BlackElo "2491"]
[Annotator "TA"]
[PlyCount "57"]
[EventDate "2017.??.??"]
[EventCountry "BLR"]
[SourceTitle "playchess.com"]
[Source "ChessBase"]
[SourceQuality "1"]

{[%evp 21,57,8,27,-7,0,-7,35,37,37,44,50,33,57,51,81,76,97,86,124,113,128,120,206,212,215,202,284,231,590,582,811,790,898,890,1173,1156,2691,2673]} 1. Nf3 Nf6 2. c4 g6 3. Nc3 d5 4. cxd5 Nxd5 5. Qb3 Nb6 6. d4 Bg7 7. Bf4 {D90: Grünfeld: 4 Nf3 Bg7 sidelines} (7. e4 Bg4 8. Bb5+ c6 9. Ng5 O-O 10. Be2 Bxe2 11. Nxe2 Na6 12. Qh3 h6 13. Nf3 h5 14. Rg1 Nb4 15. g4 {1-0 (31) Wojtaszek,R (2745)-Mamedyarov,S (2772) Shamkir 2017}) 7... Be6 8. Qa3 O-O 9. e4 {[%cal Be2e4,Be4e5][%mdl 32]} c6 10. Rd1 N8d7 11. Ng5 Bc4 {LiveBook: 3 Games} 12. Bxc4 Nxc4 13. Qb3 {[#]} b5 $146 ({Predecessor:} 13... e5 14. Qxc4 exf4 {½-½ (58) Goganov,A (2581)-Grandelius,N (2576) Stockholm 2014}) 14. e5 Ndb6 15. O-O Nd5 16. Bc1 Nc7 17. Rfe1 f6 18. Nf3 Kh8 19. Qc2 Rc8 20. h4 Qd7 21. Ne4 Ne6 (21... Nd5 $16) 22. Nc5 $18 Nxc5 23. dxc5 Qc7 {[#]} (23... Qg4 $142) 24. h5 $1 {[%mdl 512]} gxh5 $2 (24... Nxe5 {is a better chance.} 25. Nxe5 fxe5) 25. b3 {White is clearly winning.} Na5 26. Nd4 Qb7 27. Ne6 Rg8 28. Qf5 b4 29. Bb2 {Precision: White = 98%, Black = 21%.} 1-0

[Event "EICC 2017"]
[Site "Minsk"]
[Date "2017.06.05"]
[Round "6"]
[White "Melkumyan, Hrant"]
[Black "Cheparinov, Ivan"]
[Result "1/2-1/2"]
[WhiteElo "2613"]
[BlackElo "2688"]
[Annotator "TA"]
[PlyCount "115"]
[EventDate "2017.??.??"]
[EventCountry "BLR"]
[SourceTitle "playchess.com"]
[Source "ChessBase"]
[SourceQuality "1"]

{[%evp 13,115,8,17,0,0,0,0,0,3,13,0,0,12,20,17,17,21,0,9,0,0,-19,-2,-6,23,5,16,11,50,0,0,-8,12,0,18,0,0,15,39,35,50,47,44,24,84,75,81,77,80,83,92,90,82,85,90,91,90,82,84,69,95,94,140,111,135,126,129,133,117,49,79,0,58,56,51,56,54,42,32,0,0,0,0,0,0,0,0,0,0,0,0,0,0,0,0,0,0,0,0,0,0,0,0,0]} 1. Nf3 d5 2. d4 Nf6 3. c4 e6 4. g3 Bb4+ 5. Bd2 Be7 6. Bg2 O-O 7. O-O Nbd7 8. a4 {E11: Bogo-Indian} a5 9. Qc2 c6 10. Rc1 Ne4 11. Be3 Nd6 $146 ({Predecessor:} 11... f5 12. Nc3 Bd6 13. Rd1 Qe7 14. Rac1 Ndf6 15. Ne5 Bxe5 16. dxe5 {½-½ (35) Aronian,L (2780)-Wei,Y (2706) Wijk aan Zee 2017}) 12. Na3 {[%cal Bb1a3,Ba3c2,Bc2e1,Be1d3][%mdl 32]} g5 13. Rd1 f5 14. Qc1 {[%cal Re3g5]} Nf7 15. Nc2 Nb6 16. cxd5 exd5 17. b3 Bf6 18. Nce1 (18. Ne5 $5) 18... Re8 19. Nd3 h6 20. Nfe5 Nd6 21. f4 g4 22. Bf2 Ne4 23. Be1 Be6 24. Nc5 Nxc5 25. Qxc5 Nd7 26. Qc2 Bg7 27. b4 axb4 28. Bxb4 Nf6 (28... Nb6 $11) 29. a5 Ne4 30. Rdb1 Qc7 31. Ra2 {[%cal Ba1a2,Ba2b2,Bb2b6][%mdl 32]} h5 32. Rab2 Bc8 33. Be1 Bf6 34. Rb6 Re6 35. Bxe4 fxe4 36. Qc5 Be7 37. Qc1 {[#] f5 is the strong threat.} Rf6 38. R1b3 Bd8 39. a6 Rxa6 (39... Qxb6 $2 40. Rxb6 Bxb6 41. axb7 $18) 40. Rxa6 bxa6 {[#]} 41. Qb2 (41. Bb4 $1 $16) 41... Be7 42. Bb4 ({White should try} 42. Qa2 $16) 42... c5 (42... Bxb4 $11 43. Rxb4 c5 44. dxc5 Qxc5+ 45. Kg2 h4) 43. Bxc5 $14 Bxc5 44. dxc5 Qxc5+ 45. Kg2 {Strongly threatening Nd7!} d4 $1 46. Rb8 Kg7 {The position is equal.} 47. Rb7+ Bxb7 48. Qxb7+ $11 {[%mdl 4096] Endgame KQR-KQN} Kh6 49. Qxe4 Qb5 50. h3 gxh3+ 51. Kxh3 d3 52. g4 hxg4+ 53. Nxg4+ Kg7 {White must now prevent ...Qf5.} 54. Nxf6 Kxf6 55. Qd4+ ({Wrong is} 55. Qxd3 $2 Qxd3+ 56. exd3 a5 $19) ({Don't blunder} 55. exd3 $2 Qf5+ 56. Qxf5+ Kxf5 $19) 55... Kg6 56. exd3 ({Don't go for} 56. Qxd3+ $2 Qxd3+ 57. exd3 a5 $19) 56... a5 57. Kg3 a4 58. Qd6+ {Precision: White = 73%, Black = 46%.} 1/2-1/2

[Event "EICC 2017"]
[Site "Minsk"]
[Date "2017.06.05"]
[Round "6"]
[White "Hracek, Zbynek"]
[Black "Pavlov, Sergey"]
[Result "1-0"]
[WhiteElo "2612"]
[BlackElo "2432"]
[Annotator "TA"]
[PlyCount "81"]
[EventDate "2017.??.??"]
[EventCountry "BLR"]
[SourceTitle "playchess.com"]
[Source "ChessBase"]
[SourceQuality "1"]

{[%evp 10,81,45,30,39,30,38,19,50,45,48,37,36,40,38,37,44,27,23,31,38,26,37,31,44,36,31,23,31,28,29,16,25,8,14,0,-8,0,0,-7,0,0,0,0,11,3,34,14,19,13,46,53,69,69,71,71,96,89,83,77,168,157,308,308,302,298,326,322,320,293,325,323,311,304]} 1. e4 Nf6 2. e5 Nd5 3. d4 d6 4. Nf3 dxe5 5. Nxe5 c6 6. Be2 Bf5 {B04: Alekhine's Defence: 4 Nf3} (6... Nd7 7. Nf3 g6 8. O-O Bg7 9. c4 Nc7 10. Nc3 O-O 11. Bf4 Ne6 12. Be3 Nf6 13. h3 Qc7 14. Qd2 Rd8 15. Rad1 b6 16. Rfe1 Bb7 17. Qc1 Nh5 18. Bf1 {1-0 (36) Anand,V (2784)-Nakamura,H (2787) Zuerich 2016}) 7. O-O (7. g4 $5 {[%cal Rg4f5]} Be6 8. c4 $14) 7... Nd7 8. Nf3 (8. Bd3 {looks sharper.} Bxd3 9. Nxd3 e6 10. c4 Ne7 11. Nc3) 8... e6 {The position is equal.} 9. c4 N5f6 10. Nh4 Bxb1 11. Rxb1 Bd6 12. g3 O-O 13. Be3 Re8 14. Qc2 a5 15. Rfd1 Qc7 {[#]} 16. Nf3 $146 h6 17. a3 a4 18. c5 Bf8 19. Bf4 Qc8 20. Bc4 Nd5 21. Bd2 (21. Be5 $5) 21... e5 22. Rbc1 e4 23. Nh4 N7f6 24. Re1 $1 Qh3 {Hoping for ...Ng4.} (24... g5 $5 {[%cal Rg5h4]} 25. Ng2 Qh3 $11) 25. Bf1 Qd7 26. Rcd1 Be7 27. f3 exf3 28. Nxf3 Qg4 29. Qd3 Bf8 30. Ne5 Qh5 31. Kg2 {Be2 is the strong threat.} Rxe5 32. dxe5 Ng4 33. h3 Nxe5 34. Qe4 f6 {[#]} (34... Nd7 $16 {is a better defense.}) 35. Bf4 $1 $36 {[%mdl 2048] White has strong initiative.} Re8 $2 (35... Nxf4+ $16 {might work better.} 36. gxf4 Qg6+ 37. Kh2 Qxe4 38. Rxe4 Ng6) 36. Be2 {White has a decisive advantage.} Qf7 {[#]} 37. Bc4 $1 ({Not} 37. Qxa4 Bxc5 38. Kh2 b5 $11) 37... Kh8 38. Bxd5 cxd5 39. Qxd5 Qc7 40. Bxe5 fxe5 41. Qd7 {Precision: White = 65%, Black = 52%.} 1-0